000 00224 a2200097 4500
001 2639
100 _aSimmons, E-J
245 _aRussian fiction & soviet ideology
260 _a
_bColumbia university
_c
090 _c1935
_d1935
942 _aNUST-CAE
_cM
_c10391
999 _c237712
_d237712